| 000 | 00569nam a22001817a 4500 | ||
|---|---|---|---|
| 999 |
_c177236 _d177236 |
||
| 005 | 20210215170324.0 | ||
| 010 | _aENG-128980 | ||
| 020 |
_c795.00 _a978-93-86473-95-0 |
||
| 035 | _aEN-112512 | ||
| 037 | _bDBAD/PUB | ||
| 082 | _a363.9 | ||
| 100 | _aSingh, Bane | ||
| 245 |
_aResource Wars: Mapping Global Greed _cBane Singh |
||
| 260 |
_aNew Delhi _bVitasta Publishing Pvt. Ltd. _c2020 |
||
| 270 |
_bNew Delhi _a2/15, Ansari Roaad, Daryaganj _e110002 _minfo@vitastapublishing.com |
||
| 300 |
_axxx+337p. _c22cm(hbk) |
||
| 942 |
_2ddc _cEN _h363.9 _mSIN |
||